000 01101nam a2200289 a 4500
003 CBULib
005 20231121134520.0
008 120726s2012 ||||||||||||||||| || u
040 _aCBULib
_bEnglish
_cCBULib
_erda
041 _aeng
050 _aUNCTAD(02)2012/3
100 _aGarcia, Leonardo
110 _9359
_aUnited Nations Conference on Trade and Development (UNCTAD)
245 1 0 _aExtractive industries: optimizing value retention in host countries
_c/ by United Nations Conference on Trade and Development (UNCTAD)
260 _aGeneva :
_bUnited Nations,
_c2012.
300 _av, 46 pages : illustrations
336 _2rdacontent
_aText |
_btxt
337 _2rdamedia
_aUnmediated |
_bn
338 _2rdacarrier
_aVolume
_bnc
500 _aBibliography
650 _aINDUSTRIAL DEVELOPMENT PROJECTS--DEVELOPING COUNTRIES--MANAGEMENT
650 _aSUSTAINABLE DEVELOPMENT--DEVELOPING COUNTRIES
700 _aSigam, Claudine
710 _aUnited Nations Conference on Trade and Development (UNCTAD)
942 _2mc
_c017
999 _c43038
_d43038